[Event "Agzamov Memorial 07th"]
[Site "Tashkent"]
[Date "2013.04.20"]
[Round "7"]
[White "Haylaev, Anvar"]
[Black "Nigmatov, Ortik"]
[Result "1-0"]
[WhiteElo "2111"]
[BlackElo "1949"]
[PlyCount "107"]
[EventDate "2013.04.14"]
[EventType "swiss"]
[EventRounds "9"]
[EventCountry "UZB"]
[SourceTitle "CBM 154 Extra"]
[Source "ChessBase"]
[SourceDate "2013.06.25"]
[SourceVersion "2"]
[SourceVersionDate "2013.06.25"]
[SourceQuality "1"]

1. Nf3 Nf6 2. c4 g6 3. Nc3 Bg7 4. g3 0-0 5. Bg2 c6 6. 0-0 d5 7. cxd5 cxd5 8. d4 Nc6 9. Ne5 Bf5 10. Nxc6 bxc6 11. Bf4 Rc8 12. Na4 Nd7 13. Rc1 e5 14. Be3 Qa5 15. a3 Rfe8 16. Nc5 Nxc5 17. Rxc5 Qa6 18. Bf3 Bf8 19. Rc1 exd4 20. Qxd4 Bg7 21. Qd2 Be4 22. Rfd1 Bxf3 23. exf3 Rcd8 24. Rc2 d4 25. Bg5 f6 26. Bf4 g5 27. Bc7 Rd7 28. Ba5 Rd5 29. Bb4 d3 30. Rc5 Re2 31. Rxd5 Qb6 32. Bc5 Rxd2 33. Rxd2 Qb5 34. Rd8+ Kf7 35. b4 Kg6 36. R2xd3 a5 37. R3d7 axb4 38. axb4 Qc4 39. Rc8 Qe6 40. Rcc7 Bh6 41. g4 Qe1+ 42. Kg2 Qe6 43. Rd6 Qb3 44. Rcxc6 Bg7 45. Rd7 h5 46. h3 hxg4 47. hxg4 Qa4 48. Rcc7 Bh6 49. Rd8 Qb3 50. b5 Bg7 51. b6 f5 52. gxf5+ Kh6 53. b7 g4 54. Be3+ 1-0

[Event "Agzamov Memorial 07th"]
[Site "Tashkent"]
[Date "2013.04.17"]
[Round "4"]
[White "Haylaev, Anvar"]
[Black "Muminova, Nafisa"]
[Result "0-1"]
[WhiteElo "2111"]
[BlackElo "2312"]
[PlyCount "74"]
[EventDate "2013.04.14"]
[EventType "swiss"]
[EventRounds "9"]
[EventCountry "UZB"]
[SourceTitle "CBM 154 Extra"]
[Source "ChessBase"]
[SourceDate "2013.06.25"]
[SourceVersion "2"]
[SourceVersionDate "2013.06.25"]
[SourceQuality "1"]

1. Nf3 Nc6 2. g3 e5 3. d4 e4 4. Ng5 d5 5. Bg2 h6 6. Nh3 Nf6 7. b3 Bf5 8. e3 Qd7 9. Ng1 Be7 10. h4 0-0-0 11. Bd2 g5 12. h5 Kb8 13. Bh3 Bxh3 14. Nxh3 Qf5 15. c4 Nb4 16. Bxb4 Bxb4+ 17. Kf1 Bd6 18. Kg2 g4 19. Nf4 Bxf4 20. exf4 Nxh5 21. Nc3 Nf6 22. Qd2 Qe6 23. c5 Ng8 24. Nd1 h5 25. Rh4 Ne7 26. Ne3 Ng6 27. Rhh1 f5 28. b4 h4 29. b5 Rh5 30. a4 Rdh8 31. Qa2 hxg3 32. fxg3 Nxf4+ 33. gxf4 Qh6 34. Rxh5 Qxh5 35. Nf1 Qh1+ 36. Kf2 Qf3+ 37. Ke1 Rh1 0-1

[Event "UZB-ch 1st League"]
[Site "Tashkent"]
[Date "2009.04.22"]
[Round "12"]
[White "Vakhidov, Jahongir"]
[Black "Haylaev, Anvar"]
[Result "1-0"]
[WhiteElo "2207"]
[BlackElo "2155"]
[PlyCount "66"]
[EventDate "2009.04.11"]
[EventType "tourn"]
[EventRounds "13"]
[EventCountry "UZB"]
[SourceTitle "CBM 130 Extra"]
[Source "ChessBase"]
[SourceDate "2009.07.02"]
[SourceVersion "2"]
[SourceVersionDate "2009.07.15"]
[SourceQuality "1"]

1. d4 Nf6 2. c4 g6 3. Nc3 Bg7 4. e4 d6 5. f3 0-0 6. Be3 b6 7. Qd2 c5 8. Nge2 Nc6 9. d5 Ne5 10. Ng3 e6 11. Be2 exd5 12. cxd5 a6 13. a4 Re8 14. 0-0 h5 15. h3 Qe7 16. Rab1 Qf8 17. b4 Ned7 18. bxc5 bxc5 19. Rb3 Rb8 20. Rxb8 Nxb8 21. Rb1 Nbd7 22. a5 Nh7 23. Kh1 Be5 24. Nf1 Qg7 25. Na4 Nhf8 26. Bd3 Kh7 27. Qe2 Bd4 28. Nb6 Nxb6 29. axb6 Bxe3 30. Nxe3 Bb7 31. Bxa6 Bxa6 32. Qxa6 Qd4 33. b7 Nd7 1-0

[Event "UZB-ch 1st League"]
[Site "Tashkent"]
[Date "2009.04.11"]
[Round "1"]
[White "Kasyan, Aleksandr"]
[Black "Haylaev, Anvar"]
[Result "1/2-1/2"]
[WhiteElo "2305"]
[BlackElo "2155"]
[PlyCount "42"]
[EventDate "2009.04.11"]
[EventType "tourn"]
[EventRounds "13"]
[EventCountry "UZB"]
[SourceTitle "CBM 130 Extra"]
[Source "ChessBase"]
[SourceDate "2009.07.02"]
[SourceVersion "2"]
[SourceVersionDate "2009.07.15"]
[SourceQuality "1"]

1. d4 Nf6 2. c4 g6 3. Nc3 Bg7 4. e4 d6 5. Be2 0-0 6. Bg5 c5 7. d5 e6 8. Qd2 exd5 9. exd5 Re8 10. Nf3 Bg4 11. 0-0 Nbd7 12. h3 Bxf3 13. Bxf3 a6 14. a4 Qc7 15. Rfe1 h5 16. Rxe8+ Rxe8 17. a5 Ne5 18. Be2 Ned7 19. Bf3 Ne5 20. Be2 Ned7 21. Bf3 Ne5 1/2-1/2